Ashley Gardens Freeholds Ltd v Cole (Record no. 79941)

MARC details
000 -LEADER
fixed length control field 01585cad a22002055a 4500
001 - CONTROL NUMBER
control field L142788
008 - FIXED-LENGTH DATA ELEMENTS--GENERAL INFORMATION
fixed length control field 080310e20071130xxk f w 000 0 eng d
035 ## - SYSTEM CONTROL NUMBER
System control number (Sirsi) u142788
041 0# - LANGUAGE CODE
Language code of text/sound track or separate title eng
245 00 - TITLE STATEMENT
Title Ashley Gardens Freeholds Ltd v Cole
Medium [electronic resource]
260 ## - PUBLICATION, DISTRIBUTION, ETC.
Date of publication, distribution, etc. 2008
520 ## - SUMMARY, ETC.
Summary, etc. LRX/130/2006, 5 November 2007. Considers works which may be levied upon a tenant's service charge account by a landlord. The landlord company (A) appealed against a decision that it was unable to make charges in respect of preparatory work for painting to the tenant (C) by applying them to his service charge account. A clause in A's contract permitted such charges for repair, but C had argued that the works were not for the purposes of repair but rather for decoration, which was already covenanted for. "Held": The clause enabled A to charge for repair works. This was enabled by the Landlord and Tenant Act 1985 as well as by another clause within the lease. Although the works included repair and not simply preparation and painting, A was still able to charge this as it was work for the proper maintenance of the buildings, as permitted by the lease. Appeal allowed.
590 ## - LOCAL NOTE (RLIN)
Local note KA
650 24 - SUBJECT ADDED ENTRY--TOPICAL TERM
Topical term or geographic name entry element ASHLEY GARDENS FREEHOLDS LTD V COLE
650 24 - SUBJECT ADDED ENTRY--TOPICAL TERM
Topical term or geographic name entry element LANDLORD AND TENANT ACT 1985
651 #4 - SUBJECT ADDED ENTRY--GEOGRAPHIC NAME
Geographic name England and Wales
Chronological subdivision 1543-
690 ## - LOCAL SUBJECT ADDED ENTRY--TOPICAL TERM (OCLC, RLIN)
Topical term or geographic name as entry element PROPERTY-RESIDENTIAL PROPERTY-RESIDENTIAL LANDLORD AND TENANT-RESIDENTIAL SERVICE CHARGES
856 40 - ELECTRONIC LOCATION AND ACCESS
Uniform Resource Identifier <a href="https://www.landstribunal.gov.uk/aspx/view.aspx?id=471">https://www.landstribunal.gov.uk/aspx/view.aspx?id=471</a>
Public note View the judgment free of charge at www.landstribunal.gov.uk...
942 ## - ADDED ENTRY ELEMENTS (KOHA)
Suppress in OPAC 0
Holdings
Withdrawn status Lost status Source of classification or shelving scheme Damaged status Not for loan Home library Current library Shelving location Date acquired Total Checkouts Full call number Barcode Date last seen Copy number Price effective from Koha item type
    Dewey Decimal Classification     Virtual Virtual Online 10/03/2008   ONLINE PUBLICATION 142788-1001 06/08/2019 1 06/08/2019 Law report